Normal view
MARC view
Entry Personal Name
001 - CONTROL NUMBER
- control field: 14856
003 - CONTROL NUMBER IDENTIFIER
- control field: OSt
005 - DATE AND TIME OF LATEST TRANSACTION
- control field: 20210910150734.0
008 - FIXED-LENGTH DATA ELEMENTS
- fixed length control field: 210910|| aca||aabn | a|a d
040 ## - CATALOGING SOURCE
- Original cataloging agency: OSt
- Transcribing agency: OSt
100 ## - HEADING--PERSONAL NAME
- Personal name: McPherson M.J.; Quirke P. and Taylor G.R.
670 ## - SOURCE DATA FOUND
- Source citation: Work cat.: (OSt)0: McPherson M.J.; Quirke P. and Taylor G.R., PCR, a practical approach , c1991.
